| 000 | 00000nam##2200000za#4500 |
| 001 | 9.571004 |
| 003 | CaOODSP |
| 005 | 20210624182519 |
| 007 | cr ||||||||||| |
| 008 | 150406|2007||||xxc|||||o f|0| 0 eng|d |
| 040 | |aCaOODSP|beng |
| 043 | |an-cn--- |
| 086 | 1 |aYC32-0/391-7E-PDF |
| 110 | 1 |aCanada. |bParliament. |bSenate. |bStanding Committee on Human Rights. |
| 245 | 10|aEmployment equity in the federal public service : |h[electronic resource]|bnot there yet / |cThe Honourable Raynell Andreychuk, chair ; the Honourable Sharon Carstairs, P.C., deputy chair. |
| 246 | 3 |aPreliminary findings of the Standing Senate Committee on Human Rights |
| 260 | |aOttawa - Ontario : |bSenate. |cFebruary 2007. |
| 300 | |a46p.|breferences |
| 490 | 1 |aReport of the Standing Senate Committee on Human Rights|v[39th Parliament, 1st Session, 7th report] |
| 590 | |a11-12-Supp|b2011-07-29 |
| 775 | 08|tL'équité en matière d'emploi dans la fonction publique fédérale : |w(CaOODSP)9.601647 |
| 830 | #0|aReport of the Standing Senate Committee on Human Rights ;|v[39th Parliament, 1st Session, 7th report]|w(CaOODSP)9.505251 |
| 856 | 40|ahttp://publications.gc.ca|qPDF|s205 KB|uhttps://publications.gc.ca/collections/collection_2011/sen/yc32-0/YC32-0-391-7-eng.pdf|y[39th Parliament, 1st Session, 7th report] |